| 000 | 00000nam 2200000za 4500 |
| 001 | 9.644108 |
| 003 | CaOODSP |
| 005 | 20230817101737 |
| 007 | cr ||||||||||| |
| 008 | 150407|2013||||xxc|||||o f|0| 0 fre d |
| 040 | |aCaOODSP|bfre |
| 043 | |an-cn--- |
| 086 | 1 |aNH15-407/2013F-PDF |
| 110 | 2 |aSociété canadienne d'hypothèques et de logement. |
| 245 | 10|aLogements en copropriété - guide de l'acheteur |h[ressource électronique] |
| 250 | |aRévision 2013 |
| 260 | |aOttawa - Ontario : |bSociété canadienne d'hypothèques et de logement |c2013. |
| 300 | |a42p.|bglossaire, tableau |
| 500 | |aLe n° de catalogue (NH15-407/2003F) et ISBN (0-662-88398-5) sont imprimés dans cette publication. |
| 590 | |a15-01|b2015-01-02 |
| 691 | 07|aLogement|2gcpds |
| 775 | 08|tCondominium buyers' guide |w(CaOODSP)9.700205 |
| 795 | |tLogements en copropriété - Guide de l'acheteur |w(CaOODSP)9.639073 |
| 856 | 40|ahttp://publications.gc.ca|qPDF|s2343 Ko|uhttps://publications.gc.ca/collections/collection_2014/schl-cmhc/NH15-407-2013-fra.pdf |